01743nam a2200337 i 4500001001000000003000900010005001700019007000300036008004100039020001500080040003000095082001700125100003800142245014600180264003300326300002600359336002700385337003300412338002800445490002300473505022500496590002600721700005000747700005800797700005000855942001400905952011500919952010901034952024501143999001701388000048002DO-SdBNP20241113095221.0ta181012s2002 dr 000 0 spa d a9993487716 aDO-SdBNPbspacBNPHUerda axxbC5312221 aChez Checo, José,d1949-91014510aSanto Domingo :belogio y memoria de la ciudad /cJosé Chez Checo, Marcio Veloz Maggiolo, Andrés L, Mateo. ; fotografías Julio Gonzalez 1aSanto Domingo :bMAP,c2002. a251 páginasc24 cm. atextobtxt2rdacontent asin mediaciónbn2rdamedia avolumenbnc2rdacarrier1 aPopular CODETELv10 aPresentación --tAmanecer y ocaso de la Villa de Santo Domingo /rJosé Chez Checo --tSanto Domingo, tradiciones , juegos y modernidad /rMarcio Veloz Maggiolo --tSanto Domingo en la literatura /rAndrés L. Mateo. aInventariado, 2018/VM1 4aut.aMateo, Andrés L.,d 1946-9776eautor1 4aut.aVeloz Maggiolo, Marcio,d1936-202191104eautor1 4fot.aGonzález, Julioefotografías922913 2ddccLBS1 0010718PDaPDbPDcHDd2018-10-12iLF1l0oxx xxp48002-10r2020-06-25te. 2w2020-06-25yLFPDZNo se presta 0010718PDaPDbPDcHDd2018-10-12iLF1l0oxx xxp48002-20r2020-06-25w2020-06-25yLFPDZNo se presta 00102ddc56708DSaBNPHUbBNPHUcHDd2023-12-01eDonado por la Presidencia de la República Dominicana 2023iLF1l0oBNPHU DS p2024-6392r2024-11-13te. 3w2024-11-13yLBS1zPerteneció a la biblioteca personal de Emilio Cordero Michel c47490d47490